Vysoké Tatry Štrbské Pleso : vila "Popelka" Kčst

Bibliographic Details
Format: Postcard
Language:Czech
PhysicalDescription:1 pohľadnica čiernobiela 9 x 14 cm
Published: Praha Klub čs. turistov [medzi 1919 a 1939]
Subjects:

MARC

LEADER 00000nkm a2200000 a 4500
001 vtls011555404
003 SK-MaSNL
005 20260512125710.0
007 kp bo
008 231214q1919 xr g kucze
015 |a SNBG 
035 |a urn:nbn:sk:snk-km00bk43 
035 |a urn:nbn:sk:snk-km3lmos 
035 |a 55E141A0-3301-4CF3-9C39-B8838A462283 
040 |a SNK  |b slo  |c SNK  |e AACR2 
041 0 |a cze 
043 |a e-xo--- 
044 |a xr  |c CZ 
080 |a 908(437.6)  |2 2011 
080 |a (234.374.4)  |2 2011 
080 |a (084.121)  |2 2011 
245 0 0 |a Vysoké Tatry  |h grafika  |b Štrbské Pleso : vila "Popelka" Kčst 
260 |a Praha  |b Klub čs. turistov  |c [medzi 1919 a 1939]  |e Holice  |f Grafo Čuda 
300 |a 1 pohľadnica  |b čiernobiela  |c 9 x 14 cm 
610 2 7 |a Vila Popelka (Štrbské Pleso, Slovensko)  |2 SNKKA  |9 422679 
651 7 |a Štrbské Pleso (Štrba, Slovensko)  |2 SNKPH  |9 174790 
655 7 |a miestne pohľadnice  |2 SNKPH  |9 70510 
852 |a Slovenská národná knižnica 
958 |a GC 
958 |a OND 
958 |a GBN 
999 |c 1102696  |d 1104626 
952 |a SNK  |b SNK  |y PREZ  |7 0  |p 17A1183109  |o snkSP 14583  |0 0  |1 0  |4 0  |d 2016-05-26  |f 1  |l 0  |r 2026-02-24 17:35:45  |w 2026-02-24